[Event "ch-USA Girls 2024"]
[Site "Saint Louis USA"]
[Date "2024.07.24"]
[Round "8.4"]
[White "Li, Rachael"]
[Black "Ehsani, Yassamin"]
[Result "1/2-1/2"]
[WhiteTitle "WFM"]
[BlackTitle "WFM"]
[WhiteElo "2182"]
[BlackElo "2083"]
[WhiteFideId "30929849"]
[BlackFideId "30910765"]
[EventDate "2024.07.16"]

1. e4 c6 2. d4 d5 3. exd5 cxd5 4. c4 Nf6 5. Nc3 g6 6. Qb3 Bg7 7. cxd5 O-O 8. Be2
Na6 9. Bf3 Qb6 10. Qxb6 axb6 11. Bf4 Nb4 12. Kd2 Rd8 13. d6 exd6 14. Nge2 d5 15.
h3 Bf5 16. Bg5 h6 17. Be3 Nc2 18. g4 Nxe3 19. fxe3 Be6 20. Nf4 Bf8 21. a3 g5 22.
Nxe6 fxe6 23. Rhc1 Rac8 24. Rc2 Bd6 25. Rac1 Kf7 26. Kd3 Rc4 27. e4 e5 28. dxe5
Bxe5 29. Nxd5 Rxc2 30. Rxc2 Nxd5 31. exd5 Ke7 32. Be4 Kd6 33. Rf2 Bf4 34. Kc4
Re8 35. Re2 Be5 36. Bf5 Re7 37. Be6 Rc7+ 38. Kb5 Bd4 39. Rd2 Rc5+ 40. Kb4 Be5
41. Rf2 Bf4 42. a4 Kc7 43. Bg8 Kd6 44. h4 Rc8 45. Be6 Rc1 46. hxg5 hxg5 47. Re2
Rc5 48. Bg8 Be5 49. Rf2 Bf4 50. Be6 Rc1 51. Kb5 Kc7 52. b4 Rc3 53. Rf1 Rc1 54.
Rf3 Rb1 55. Rc3+ Kb8 56. Bf5 Rb2 57. Kxb6 Rxb4+ 58. Kc5 Rxa4 59. d6 Ra5+ 60. Kb4
Bd2 61. Kxa5 Bxc3+ 62. Kb6 Bb4 63. Be4 Bxd6 64. Bxb7 Bf4 65. Kc6 Be3 66. Ba6 Bf4
67. Bb7 Be3 68. Ba6 Bf4 69. Bb7 1/2-1/2

[Event "ch-USA Girls 2024"]
[Site "Saint Louis USA"]
[Date "2024.07.24"]
[Round "8.5"]
[White "Vidyarthi, Omya"]
[Black "Paragua, Megan Althea"]
[Result "1/2-1/2"]
[WhiteTitle "WIM"]
[BlackTitle "WFM"]
[WhiteElo "2087"]
[BlackElo "2041"]
[WhiteFideId "30931665"]
[BlackFideId "30973007"]
[EventDate "2024.07.16"]

1. Nf3 Nf6 2. c4 e6 3. g3 d5 4. Bg2 Be7 5. O-O O-O 6. d4 dxc4 7. Qc2 a6 8. a4
Nc6 9. Qxc4 Qd5 10. Nbd2 Rd8 11. e3 Rb8 12. Qe2 Qd7 13. b3 b6 14. Bb2 Bb7 15.
Rac1 Nd5 16. Rfd1 Qe8 17. e4 Ndb4 18. Nc4 a5 19. Qe3 Bf6 20. Qf4 Rbc8 21. h4 Ba6
22. Bf1 Na2 23. Ra1 Nab4 24. Rac1 Na2 25. Rb1 Nab4 26. Qg4 Rd7 27. Rd2 Rcd8 28.
Rbd1 Qf8 29. Bh3 Bc8 30. Qf4 e5 31. dxe5 Rxd2 32. Rxd2 Rxd2 33. Qxd2 Bxe5 34.
Ncxe5 Bxh3 35. Nxc6 Nxc6 36. Qc3 Bd7 37. Ne5 Nxe5 38. Qxe5 Be6 39. Qxc7 Bxb3 40.
Qxb6 Bxa4 41. Qxa5 Bd7 42. Qg5 f6 43. Qd5+ Qf7 44. Ba3 h5 45. Qxf7+ Kxf7 46. f3
f5 47. Kf2 fxe4 48. fxe4 g6 49. Ke3 Be6 50. Kf4 Bc4 51. g4 hxg4 52. Kxg4 Be6+
53. Kg5 Bc4 54. Bb2 Be6 55. h5 gxh5 56. Kxh5 Bc4 57. Kg5 Ke6 58. e5 Bd5 59. Bc1
Kxe5 1/2-1/2

[Event "ch-USA Girls 2024"]
[Site "Saint Louis USA"]
[Date "2024.07.25"]
[Round "9.1"]
[White "Ehsani, Yassamin"]
[Black "Gaw, Chloe"]
[Result "1-0"]
[WhiteTitle "WFM"]
[BlackTitle "WFM"]
[WhiteElo "2083"]
[BlackElo "2000"]
[WhiteFideId "30910765"]
[BlackFideId "30966892"]
[EventDate "2024.07.16"]

1. d4 d5 2. c4 dxc4 3. e3 Nf6 4. Bxc4 e6 5. Nf3 c5 6. O-O a6 7. Nc3 b5 8. Be2
Bb7 9. dxc5 Bxc5 10. Qxd8+ Kxd8 11. Nd2 Nbd7 12. Nb3 Bb6 13. a4 b4 14. a5 Bc7
15. Na4 Bd6 16. f3 Nd5 17. Rd1 Ke7 18. e4 Nf4 19. Bf1 e5 20. Be3 Ne6 21. Nb6
Nxb6 22. axb6 Rhc8 23. Na5 Bc5 24. Bxc5+ Nxc5 25. Nxb7 Nxb7 26. Bxa6 Rab8 27.
Rd5 Rc6 28. Rxe5+ Kf6 29. Rf5+ Ke7 30. Bf1 Rxb6 31. Ra7 Ke8 32. Re5+ Kf8 33. Bc4
Nd6 34. Bd5 g6 35. Ree7 Ra6 36. Rxf7+ Nxf7 37. Rxa6 Ne5 38. b3 Rc8 39. Ra8 Rxa8
40. Bxa8 Ke7 41. Kf2 Kd6 42. Ke3 Kc5 43. Bd5 g5 44. h3 Ng6 45. g3 Ne7 46. Bb7
Ng6 47. f4 gxf4+ 48. gxf4 Kd6 49. e5+ Ke6 50. Ke4 Ne7 51. f5+ Kd7 52. Bd5 Ke8
53. f6 Ng6 54. e6 Kd8 55. e7+ Kd7 56. Bc6+ 1-0

[Event "ch-USA Girls 2024"]
[Site "Saint Louis USA"]
[Date "2024.07.25"]
[Round "9.2"]
[White "Mou, Iris"]
[Black "Vidyarthi, Omya"]
[Result "1-0"]
[WhiteTitle "WIM"]
[BlackTitle "WIM"]
[WhiteElo "2165"]
[BlackElo "2087"]
[WhiteFideId "30939836"]
[BlackFideId "30931665"]
[EventDate "2024.07.16"]

1. e4 e5 2. Nc3 Nf6 3. d4 exd4 4. Qxd4 Nc6 5. Qd3 Bb4 6. Bd2 d6 7. O-O-O O-O 8.
Nge2 Ne5 9. Qg3 Nh5 10. Qg5 Qxg5 11. Bxg5 Ng4 12. Nd5 Ba5 13. Bh4 Ne5 14. Ne7+
Kh8 15. f4 Ng6 16. Rd5 Nxh4 17. Rxh5 Be1 18. Nxc8 Raxc8 19. g3 Ng6 20. Bh3 Bf2
21. Bxc8 Rxc8 22. Kd2 Re8 23. Kd3 Nf8 24. Rf1 Bb6 25. Nc3 c6 26. b4 a6 27. g4
Kg8 28. g5 Ng6 29. Rh3 Bd8 30. Nd1 f6 31. gxf6 Bxf6 32. Ne3 Rf8 33. Ng4 Bg5 34.
Rhf3 Bxf4 35. Ke2 h5 36. Ne3 Bxh2 37. Rxf8+ Nxf8 38. Rh1 Be5 39. Rxh5 Ne6 40.
Rh1 Bc3 41. Rb1 Kf7 42. Kd3 Bf6 43. Nc4 Ke7 44. Na5 Nd8 45. c4 b6 46. Nb3 Ne6
47. a4 Kd7 48. Rf1 Kc7 49. Rf5 c5 50. b5 axb5 51. cxb5 Nd8 52. Nd2 Nf7 53. Nc4
Nh6 54. Rf1 Nf7 55. Rf4 Kb7 56. Ke2 Kc7 57. Ne3 Ng5 58. Nd5+ Kb7 59. Nxf6 gxf6
60. Kd3 1-0

[Event "ch-USA Girls 2024"]
[Site "Saint Louis USA"]
[Date "2024.07.25"]
[Round "9.3"]
[White "Paragua, Megan Althea"]
[Black "Lee, Alice"]
[Result "0-1"]
[WhiteTitle "WFM"]
[BlackTitle "IM"]
[WhiteElo "2041"]
[BlackElo "2371"]
[WhiteFideId "30973007"]
[BlackFideId "30941822"]
[EventDate "2024.07.16"]

1. e4 c5 2. Nf3 d6 3. d4 cxd4 4. Qxd4 Nf6 5. Nc3 a6 6. Bc4 Nc6 7. Qd3 Bg4 8. Bf4
Bxf3 9. Qxf3 Ne5 10. Bxe5 dxe5 11. Nd5 e6 12. Nxf6+ Qxf6 13. Qxf6 gxf6 14. O-O-O
Bc5 15. Rd2 Rg8 16. g3 Rc8 17. Bb3 Rg4 18. Re2 Ke7 19. Rd1 b5 20. Rd3 Rc7 21. h3
Rg8 22. c3 Bb6 23. Kd1 Rgc8 24. a4 b4 25. c4 Bd4 26. Ba2 b3 27. Rxb3 Rxc4 28.
Rb7+ R4c7 29. Rxc7+ Rxc7 30. Bb1 Rc4 31. b3 Rc3 32. Bc2 a5 33. Rd2 Rf3 34. Ke1
Rc3 35. Kd1 Kd6 36. Rd3 Rxd3+ 37. Bxd3 Bxf2 38. g4 Kc5 39. Ke2 Kd4 40. Bc4 Bh4
41. Kf3 Kc3 42. Ke3 Bg5+ 43. Ke2 Bf4 44. Kf2 Kc2 45. Kf3 Kd2 46. Bb5 Kc3 47. Bc4
Kb4 48. Ke2 Kc5 49. Kf3 Bd2 50. Ke2 Bb4 51. Kd3 Kd6 52. Ke3 Ke7 53. Kf3 Kf8 54.
Bd3 Kg7 55. Ke3 Kg6 56. Kf3 Kg5 57. Bc2 Bc5 58. Bd3 Bd4 59. Bc2 Kh4 60. Kg2 h5
61. Bd1 hxg4 62. hxg4 Kg5 63. Kg3 f5 64. Bf3 fxe4 65. Bxe4 f5 66. gxf5 exf5 67.
Bc6 e4 68. Kg2 Kf4 69. Bd7 Ke5 70. Kf1 f4 71. Bc6 f3 72. Bb5 e3 73. Ba6 Bc3 0-1

[Event "ch-USA Girls 2024"]
[Site "Saint Louis USA"]
[Date "2024.07.25"]
[Round "9.4"]
[White "Atwell, Rose"]
[Black "Li, Rachael"]
[Result "1-0"]
[WhiteTitle "FM"]
[BlackTitle "WFM"]
[WhiteElo "2277"]
[BlackElo "2182"]
[WhiteFideId "30951011"]
[BlackFideId "30929849"]
[EventDate "2024.07.16"]

1. d4 Nf6 2. c4 e6 3. g3 c5 4. d5 exd5 5. cxd5 d6 6. Nc3 g6 7. Bg2 Bg7 8. Nf3
O-O 9. O-O Re8 10. Re1 Ne4 11. Nxe4 Rxe4 12. Qc2 Re8 13. Bg5 Qc7 14. Nd2 h6 15.
Bf4 g5 16. Be3 Nd7 17. a4 Nf6 18. Nc4 Bg4 19. Rad1 Bh5 20. Bc1 Re7 21. b3 Rae8
22. Rd2 b6 23. Bb2 Bg6 24. Qd1 a6 25. Qa1 Nh5 26. Bxg7 Nxg7 27. g4 b5 28. axb5
axb5 29. Na5 f5 30. Nc6 Rf7 31. gxf5 Bxf5 32. e4 Bd7 33. e5 Bxc6 34. dxc6 Rfe7
35. Bd5+ Kh8 36. e6 Rf8 37. Re3 Kg8 38. Rh3 h5 39. Rf3 Nf5 40. Qe1 g4 41. Rf4
Nd4 42. Rfxd4 cxd4 43. Qe4 Qa7 44. Qg6+ Kh8 45. Qh6+ Kg8 46. Qxh5 d3 47. Qg6+
Kh8 48. Qxd3 Rg7 49. Qg3 Qc5 50. Qh4+ Rh7 51. e7 Qc1+ 52. Kg2 1-0

[Event "ch-USA Girls 2024"]
[Site "Saint Louis USA"]
[Date "2024.07.25"]
[Round "9.5"]
[White "Tang, Zoey"]
[Black "Su, Jasmine Zhixin"]
[Result "0-1"]
[WhiteTitle "FM"]
[WhiteElo "2260"]
[BlackElo "2051"]
[WhiteFideId "30952530"]
[BlackFideId "30974909"]
[EventDate "2024.07.16"]

1. d4 Nf6 2. c4 g6 3. h4 Bg7 4. Nc3 Nc6 5. e4 e5 6. d5 Nd4 7. Be3 c5 8. Qd2 d6
9. f3 a6 10. g4 h5 11. g5 Nd7 12. O-O-O Qa5 13. Bd3 O-O 14. b3 b5 15. cxb5 axb5
16. Bxd4 cxd4 17. Nxb5 Qb6 18. Kb2 Nc5 19. Ra1 Qa5 20. b4 Nxd3+ 21. Qxd3 Qxb4+
22. Qb3 Qd2+ 23. Qc2 Qa5 24. Qc6 Ra6 25. Qc4 Bd7 26. Nc7 Qd2+ 27. Kb3 Rb8+ 0-1